Basic writings on politics and philosophy karl max and friedrich engels (Record no. 172058)
[ view plain ]
| 000 -LEADER | |
|---|---|
| fixed length control field | 00632nam a2200205Ia 4500 |
| 003 - CONTROL NUMBER IDENTIFIER | |
| control field | OSt |
| 005 - DATE AND TIME OF LATEST TRANSACTION | |
| control field | 20250802165553.0 |
| 008 - FIXED-LENGTH DATA ELEMENTS--GENERAL INFORMATION | |
| fixed length control field | 210423s1990 xx 000 0 und d |
| 040 ## - CATALOGING SOURCE | |
| Transcribing agency | AL |
| 041 ## - LANGUAGE CODE | |
| Language code of text/sound track or separate title | English |
| 082 ## - DEWEY DECIMAL CLASSIFICATION NUMBER | |
| Classification number | 320 |
| Item number | FEUB |
| 100 ## - MAIN ENTRY--PERSONAL NAME | |
| Personal name | Lewis S Feuer |
| 9 (RLIN) | 103722 |
| 245 ## - TITLE STATEMENT | |
| Title | Basic writings on politics and philosophy karl max and friedrich engels |
| 260 ## - PUBLICATION, DISTRIBUTION, ETC. | |
| Place of publication, distribution, etc. | Kottaym |
| Name of publisher, distributor, etc. | Oxford University Press |
| Date of publication, distribution, etc. | 1990 |
| 365 ## - TRADE PRICE | |
| Price amount | 429.6 |
| Currency code | USD |
| 650 ## - SUBJECT ADDED ENTRY--TOPICAL TERM | |
| Topical term or geographic name entry element | Political Science |
| 9 (RLIN) | 103723 |
| 650 ## - SUBJECT ADDED ENTRY--TOPICAL TERM | |
| Topical term or geographic name entry element | Political Science |
| 9 (RLIN) | 103723 |
| 906 ## - LOCAL DATA ELEMENT F, LDF (RLIN) | |
| a | Basic ; engels ; friedrich ; karl ; max ; philosophy ; politics ; writings |
| 942 ## - ADDED ENTRY ELEMENTS (KOHA) | |
| Source of classification or shelving scheme | Dewey Decimal Classification |
| Koha item type | Book |
| Withdrawn status | Lost status | Damaged status | Not for loan | Collection code | Home library | Current library | Date acquired | Cost, normal purchase price | Total Checkouts | Full call number | Barcode | Date last seen | Price effective from | Koha item type |
|---|---|---|---|---|---|---|---|---|---|---|---|---|---|---|
| MSW | St Aloysius PG Library | St Aloysius PG Library | 11/06/2001 | 429.60 | 320 FEUB | PG018596 | 08/24/2022 | 04/26/2021 | Book |